000 00648nam a2200145Ia 4500
008 171212s9999 xx 000 0 und d
020 _a9780833082657
100 _aPerry, Walter L.;Kassing, David
245 _cPerry, Walter L.;Kassing, David
_aToppling the Taliban
_bAir-Ground Operations in Afghanistan, October 2001–June 2002
260 _bRAND Corporation
_c2015
440 _aResearch Reports
650 _aHistory
650 _aOperation Enduring Freedom, 2001-; Afghan War, 2001 -- Campaigns; Afghan War, 2001 -- Aerial operations, American; Postwar reconstruction -- Afghanistan
856 _uhttp://jstor.org/stable/10.7249/j.ctt19jcgqv
999 _c352742
_d352742